Urban public economics / (Record no. 59680)
[ view plain ]
| 000 -LEADER | |
|---|---|
| fixed length control field | 00744nam a2200241 a 4500 |
| 001 - CONTROL NUMBER | |
| control field | 59680 |
| 003 - CONTROL NUMBER IDENTIFIER | |
| rucl marc code | BD-RjUL |
| 005 - DATE AND TIME OF LATEST TRANSACTION | |
| control field | 20211209080746.0 |
| 008 - FIXED-LENGTH DATA ELEMENTS--GENERAL INFORMATION | |
| fixed length control field | 161226s1981 caua b 001 0 eng |
| 020 ## - INTERNATIONAL STANDARD BOOK NUMBER | |
| International Standard Book Number | 0534009921 |
| 035 ## - SYSTEM CONTROL NUMBER | |
| System control number | (BD-RjUL) 59804 |
| 040 ## - CATALOGING SOURCE | |
| Original cataloging agency | DLC |
| Transcribing agency | DLC |
| Modifying agency | DLC |
| -- | BD-RjUL |
| Language of cataloging | eng |
| 041 ## - LANGUAGE CODE | |
| Language code of text/sound track or separate title | eng |
| 082 00 - DEWEY DECIMAL CLASSIFICATION NUMBER | |
| Classification number | 352.10973 |
| Edition number | 23 |
| Author mark and year | NEU 1981 |
| 100 1# - MAIN ENTRY--PERSONAL NAME | |
| Personal name | Neenan, William B., |
| Dates associated with a name | 1929- |
| 9 (RLIN) | 177605 |
| 245 10 - TITLE STATEMENT | |
| Title | Urban public economics / |
| Statement of responsibility, etc. | William B. Neenan. |
| 260 ## - PUBLICATION, DISTRIBUTION, ETC. (IMPRINT) | |
| Place of publication, distribution, etc. | Belmont, Calif. : |
| Name of publisher, distributor, etc. | Wadsworth Pub. Co., |
| Date of publication, distribution, etc. | c1981. |
| 300 ## - PHYSICAL DESCRIPTION | |
| Pagination | xi, 313 p. : |
| Illustrations | ill. ; |
| Size | 24 cm. |
| 504 ## - BIBLIOGRAPHY, ETC. NOTE | |
| Bibliography, etc | Includes bibliographical references and index. |
| 650 #0 - SUBJECT ADDED ENTRY--TOPICAL TERM | |
| Topical term or geographic name as entry element | Municipal finance |
| Geographic subdivision | United States. |
| 9 (RLIN) | 177606 |
| Topical term or geographic name as entry element | Urban economics. |
| 9 (RLIN) | 177607 |
| 942 ## - ADDED ENTRY ELEMENTS (KOHA) | |
| Source of classification or shelving scheme | Dewey Decimal Classification |
| Koha item type | Books |
| Lost status | Source of classification or shelving scheme | Damaged status | Not for loan | Collection code | Permanent Location | Current Location | Shelving location | Date acquired | Total Checkouts | Full call number | Date last seen | Copy number | Koha item type |
|---|---|---|---|---|---|---|---|---|---|---|---|---|---|
| Dewey Decimal Classification | Not For Loan | Non-fiction | Central Library, University of Rajshahi | Central Library, University of Rajshahi | Reading Room | 13/04/1989 | 352.10973 NEU 1981 | 26/12/2016 | C-1 | Books |